| 000 | 00914nam a22001937a 4500 | ||
|---|---|---|---|
| 005 | 20241015112624.0 | ||
| 010 | _aHIN-128621 | ||
| 020 |
_a9788179653425 _c500.00 |
||
| 035 | _aHN-100967 | ||
| 037 | _bDBAD | ||
| 082 |
_a822.03 _2प्रथम |
||
| 100 |
_aसोनम सिंह _972819 |
||
| 245 |
_aमोहन राकेश के नाटकों में स्त्री संघर्ष का स्वरुप/ _cसोनम सिंह |
||
| 250 | _aप्रथम | ||
| 260 |
_aदिल्ली _bतक्षशिला प्रकाशन _c2022 |
||
| 270 |
_a98-ए, हिंदी पार्क, दरियागंज _bनई दिल्ली _e110002 _minfo@taxshilabooks.in _mtaxshilabooks@gmail.com _k011 43528469 _k011 23258802 |
||
| 300 |
_a143 पृ. _c23 सेमी (सजिल्द) |
||
| 942 |
_cHN _2ddc _h822.03 _mसोनम _e2022 |
||
| 999 |
_c206400 _d206400 |
||